000 01660cam a22004814i 4500
003 PE-LiUPU
005 20250731172724.0
008 150617s r 000 0 d
020 _a8429307532
035 _a(Sirsi) i9788429307535
040 _aPE-LiUPU
_bspa
_cPE-LiUPU
_erda
049 _aPRUA
082 0 4 _a242.7
_bE93
_221
100 1 _aEstrada, Juan Antonio,
_eautor.
245 1 0 _aOración: Liberación y compromiso de fe, ensayo de teología fundamental /
_cJuan Antonio Estrada.
264 1 _aSantander :
_bSal Terrae,
_c1986.
300 _a299 páginas ;
_c21 centímetros.
336 _atext
_2rdacontent
337 _aunmediated
_2rdamedia
338 _avolume
_2rdacarrier
490 0 _aColección presencia teológica ;
_v32
505 0 _aLa sospecha ante la oración -- La oración de petición: el Dios tapaagujeros? -- La oración cristiana -- Oración e identidad cristiana -- Praxis de la oración.
526 _aSEG42
526 _aSEG41
526 _aSEG40
526 _aSEG39
526 _aP94
526 _aP87
526 _aP86
526 _aP85
526 _aP77
526 _aP76
526 _aP35
650 0 4 _aFE.
_93098
650 0 4 _aOración.
910 _ajck
_bjvq
_cjck
_d20150616
942 _2ddc
_cBOOK
949 _a242.7 E93
_wDEWEY
_c1
_i28486
_lCCODEBUL1
_mBUL
_r0
_sY
_tBOOK
_u2015-4-21
_xTEOLOGIA
_PP35
_0COMPRA
_o.STAFF. Colección General
994 _aC0
_bPEPRU
596 _a1
999 _a242.7 E93
_wDEWEY
_c1267
_i28486
_f2021-11-11
_g5
_lCCODEBUL1
_mBUL
_r0
_sY
_tBOOK
_u2015-4-21
_xTEOLOGIA
_PP35
_0COMPRA
_o.STAFF. Colección General
_d1267
980 _81
_gALBERTO SANCHEZ Responsable de Automatización